000 00375nam a22001577a 4500
020 _a978-93-80816-43-2
082 _a823
_bALL/W
100 _aALLEN, JAMES
245 _aTHE WAY OF PEACE
_bSHORT STORY
246 _aTHE WAY OF PEACE
_bSHORT STORY
260 _aNOIDA
_bMAPLE PRESS PVT LTD
300 _a112
520 _aSHORT STORY
650 _aSHORT STORY
942 _cBK
999 _c2982
_d2982